| 000 | 00940nam a22003137a 4500 | ||
|---|---|---|---|
| 003 | CHAP | ||
| 005 | 20220329135504.0 | ||
| 008 | 971013s1960 r 00010 d | ||
| 010 | _a37441 | ||
| 011 | _a38413 | ||
| 035 | _a42533 | ||
| 040 | _cCHAP | ||
| 082 |
_a541.38 _bO84 |
||
| 100 | 0 | 0 |
_aOverman, Ralph T. _984396 |
| 245 | _aRadioisotope techniques | ||
| 260 |
_aNew York : _bMcGraw-Hill, _c1960 |
||
| 300 |
_a476 p. _b: ilus. |
||
| 590 |
_aBATCH-UPD _b10 _c20130110 _lUCH01 _h0224 |
||
| 590 |
_aBATCH-UPD _b10 _c20130110 _lUCH01 _h2128 |
||
| 590 |
_aBATCH-UPD _b10 _c20130409 _lUCH01 _h2245 |
||
| 590 |
_aBATCH-UPD _b10 _c20130914 _lUCH01 _h1855 |
||
| 590 |
_aCONVERSION _b10 _c20130109 _lUCH01 _h1321 |
||
| 650 | 1 | 4 |
_aRadioisótopos. _993701 |
| 650 | 1 | 4 |
_aRadioisótopos _xLaboratorios. _993703 |
| 700 | 0 |
_aClark, Herbert M. _923616 |
|
| 901 | _aBK | ||
| 942 | _cLIBRO | ||
| 949 |
_a541.38 O84 _bBC _cLIBRO _d33724000412102 _eLIBRO _i42533 _si |
||
| 999 |
_c37441 _d37441 |
||